| 000 | 00616nam a2200169 a 4500 | ||
|---|---|---|---|
| 008 | 120416s1992 ||||||||||||||||| || u | ||
| 020 | _a0821321935 | ||
| 050 | _aIBRD(08)DP | ||
| 100 | _aIsreal, Arturo | ||
| 245 | 1 | 0 | _aIssues for infrastructure management in the 1990s |
| 260 |
_aWashinton, D. C. _bWorld Bank _c1992 |
||
| 300 | _avii, 103p. : ill. | ||
| 350 | _a0.00 | ||
| 490 | _aWorld Bank Discussion Papers | ||
| 650 | _aINFRASTRUCTURE--ECONOMICS--DEVELOPMENT | ||
| 995 |
_D0.00 _FCBU-MAIN LIBRARY (Kitwe) _H1 _I0.00 _M1 _UAVAILABLE _ZInternational Publications |
||
| 999 |
_c48391 _d48391 |
||